[Event "Prague Masters 2nd"]
[Site "Prague"]
[Date "2020.02.12"]
[Round "1"]
[White "Vidit, Santosh Gujrathi"]
[Black "Shankland, Samuel L"]
[Result "1-0"]
[WhiteElo "2721"]
[BlackElo "2683"]
[Annotator "Vidit,S"]
[PlyCount "63"]
[EventDate "2020.02.12"]
[EventType "tourn"]
[EventRounds "9"]
[EventCountry "CZE"]
[EventCategory "19"]
[SourceTitle "CBM 195"]
[Source "ChessBase"]
[SourceDate "2020.04.30"]
[SourceVersion "1"]
[SourceVersionDate "2020.04.30"]
[SourceQuality "1"]

{[%evp 0,63,34,29,27,4,4,0,24,24,28,21,16,20,20,16,22,21,23,19,47,6,6,13,17,22,
16,16,18,9,25,18,86,-20,94,91,91,112,112,112,112,104,114,114,92,112,140,140,
135,132,132,130,244,269,255,237,237,237,216,289,420,425,496,496,747,808] At
the opening ceremony, I was surprised to find out that 'Prague Masters' was a
category 19 event, only one category short of the traditional Tata Masters
tournament. It's rare to see closed tournaments for 2700-2740 rating, so I
hope this fantastic initiative continues for many years!} 1. d4 Nf6 2. c4 e6 3.
Nc3 Bb4 4. e3 O-O 5. Bd2 b6 6. Nf3 Bb7 7. Bd3 d5 8. cxd5 exd5 9. Rc1 Re8 {
Blitzed out instantly. On the other hand I was spending time on each move 
(don't ask why!).} (9... Be7 {followed by ...c5 and the immediate 9...a6 with
the idea of Bd6 are more popular.}) 10. Nb5 {A novelty. I didn't fancy the
lines after 10.0-0 Bf8. In such lines if White doesn't know what he is doing,
it can get messy.} (10. O-O Bf8 11. Ne5 c5 12. f4 Nc6 13. Nxd5 Qxd5 14. Bc4
Qxg2+ $5 15. Kxg2 Nxe5+ 16. Kg1 Nxc4 17. Rxc4 Ba6 18. Rc1 Bxf1 19. Qxf1 Rad8
$132 {0-1 (142) Bluebaum,M (2644)-Karjakin,S (2754) Moscow 2019}) 10... Nc6 {
It seems strange to play Nc6 which hinders the pawn advance c5. The point is
to exchange the b4 B in a way which will help Black to achieve counterplay or
if White declines, then to keep the bishop.} ({The obvious alternative is} 
10... Bxd2+ 11. Qxd2 c6 12. Nc3 {It doesn't seem much, but White clearly has a
typical edge for this line. Or in modern terms they would say it's 0.10-0.20 :)
}) 11. O-O (11. Bxb4 Nxb4 12. Bb1 ({The pawn is a taboo obviously:} 12. Nxc7 $2
Nxd3+ 13. Qxd3 Rc8 $19) 12... c5 $1 {Compared to exchange of the bishops on
move 10, Black has more active pieces.}) 11... Bf8 12. a3 $1 {Played after 18
minutes of thought. Usually it's stupid to be down to 47 minutes after move 12,
but on that day it worked out fine. The idea is to expand on the Qside.} (12.
Ne5 {This looked like the most natural way to proceed.} {For example} Nxe5 ({
But suddenly I noticed that} 12... Rxe5 $1 {is very powerful:} 13. dxe5 Nxe5
14. Be2 c5 {In fact, Black is even better. White is uncoordinated and Black
can just roll ahead with the pawns.}) 13. dxe5 Rxe5 14. Nxc7 (14. Bc3 d4 $1 15.
Bxd4 Rg5 $132) (14. Rxc7 Ba6 $132) 14... Rc8 15. Nb5 {leads to small advantage
for White. He can blockade on d4 or play around the IQP.}) 12... a6 13. Nc3 Bd6
14. b4 {I started to blitz out my moves to cover the time difference.} Nb8 {
The first think of the game for Sam. So far he had used only 3 minutes. The
main problem in Black's position is the knight on c6. If he can reroute it, he
should be fine.} (14... Ne7 {was the alternative.}) 15. Qb3 c6 $4 {A typical
idea for White in such position is to play a4-b5, which creates a bind on the
Qside. Sam didn't want to allow that, but the downside is huge. White simply
breaks through with e4, after which Black is in real trouble. I feel he missed
that he can't play 16..Qe7 to stop e4} (15... Nbd7 16. b5 Qe7 17. a4 {would
have been the normal continuation.}) 16. Qb1 {Good but not the best.} (16. e4
$1 dxe4 17. Ng5 Bxh2+ 18. Kh1 $1 (18. Kxh2 Qc7+ $1 {Black defends the f7 pawn})
18... Nd5 19. Bxe4 h6 20. Bh7+ Kf8 21. f4 $1 hxg5 22. fxg5 {and White's attack
is irresistible}) 16... Bc8 {Looks too slow to be good.} (16... Nbd7 {
sacrificing the pawn seemed like relatively the best defense.} 17. e4 dxe4 18.
Nxe4 Nxe4 19. Bxe4 Nf6 20. Bxc6 Bxc6 21. Rxc6 Nd5 {White is obviously better,
but Black can resist.}) (16... Qe7 {doesn't really stop e4:} 17. e4 $1 dxe4 18.
Nxe4 Nxe4 19. Bxe4 $1 Qxe4 20. Rfe1 $18) 17. e4 dxe4 18. Nxe4 Nxe4 19. Bxe4 h6
20. Rfd1 $1 {Very precise! It looks like it's just a normal move, but it has a
subtle point. More often than not, such moves win the game!} ({Initially it
looked natural for me to play} 20. Bc3 {with the idea to play Ne5, but I
struggled to see a continuation after} Be6 21. Ne5 Bd5 22. Bxd5 cxd5 {Black
will play Ra7 next and things don't seem so bad for him.}) (20. Rfe1 Ra7 {
Although White's position looks really active, I didn't see a clear way to
improve.}) 20... Ra7 (20... Bg4 21. h3 Bxf3 22. Bxf3 Ra7 23. g3 $18 {Black
can't develop the b8 N ever :)}) ({The main point is after} 20... Be6 21. Ne5
Bd5 22. Bxd5 cxd5 {White has} 23. Nxf7 $1 Bxh2+ (23... Kxf7 24. Qf5+ $18) 24.
Kxh2 Kxf7 25. Qf5+ Kg8 26. Bxh6 $1 $18) 21. Ne5 Rc7 22. h3 $1 {Another
powerful move. I renew the threat of Nxc6 and don't give Black the time to
regroup with Be6-d5. After the last three precise moves, Black's position
seems close to lost, as he is deprived of any play.} (22. Nxc6 $2 Nxc6 23. Bxc6
Bxh2+ $1 24. Kxh2 Qd6+ $11) 22... Qh4 (22... Be6 23. Nxc6) 23. Re1 $1 Rce7 {
This loses material, but it was already inevitable.} 24. Bh7+ $1 {Energetic!
Tactics always work in good positions :)} Kf8 25. Re4 Qf6 $2 {Loses
immediately.} (25... Qh5 26. Bg6 $1 ({Also good is} 26. Rf4 $5 Bxe5 27. dxe5
Qxe5 28. Re4 Qf6 29. Bc3 $40) (26. g4 Qxh3 27. Rc3 Qh4 {- here the Q escapes.})
26... fxg6 27. g4 Qxh3 28. Rc3 {and the Q is trapped.} Bxe5 29. Rxh3 Bh2+ $1
30. Kxh2 Rxe4 31. Re3 Rxe3 32. Bxe3 {White's winning obviously, but he would
still need to play well to convert.}) 26. Rf4 $18 {The rest is easy.} Bxe5 27.
Rxf6 Bxf6 28. Bf4 Bg5 29. Bd6 g6 30. Bxg6 fxg6 31. Qxg6 Nd7 32. Rc3 1-0

[Event "RUS-ch 53rd"]
[Site "Samara"]
[Date "2000.06.26"]
[Round "10"]
[White "Lugovoi, Aleksei"]
[Black "Shariyazdanov, Andrey"]
[Result "0-1"]
[WhiteElo "2515"]
[BlackElo "2605"]
[Annotator "Wells,P"]
[PlyCount "83"]
[EventDate "2000.06.03"]
[EventType "swiss"]
[EventRounds "11"]
[EventCountry "RUS"]
[SourceTitle "CBM 078"]
[Source "ChessBase"]
[SourceDate "2000.10.18"]
[SourceVersion "1"]
[SourceVersionDate "2000.10.18"]
[SourceQuality "1"]

1. d4 Nf6 2. c4 e6 3. Nc3 Bb4 4. e3 b6 5. Bd3 Bb7 6. Nf3 O-O 7. O-O d5 8. a3
Bd6 9. cxd5 {I have always been convinced that this is the correct approach,
and mystified why anyone would wish to play} (9. b4 dxc4 10. Bxc4 a5 (10...
Nbd7 11. Bb2 a5 12. b5 e5 13. Re1 e4 14. Nd2 Qe7 15. f4 exf3 16. gxf3 Rad8 {
I strongly suspect that with accurate play white's position is loose, despite
his broad centre.} 17. Qe2 Rfe8 18. Qf2 Nf8 19. Nde4 Ng6 20. Nxd6 cxd6 21. Bf1
Nh5 22. e4 Nhf4 23. Qg3 d5 24. exd5 Qd7 25. Rxe8+ Rxe8 26. Re1 Rxe1 27. Qxe1
Nxd5 $17 {0-1 Huebner,R-Khalifman,A/BL9192 1992/GER-chT (42)}) 11. bxa5 Rxa5
12. Nb5 Be7 13. Bb2 Nbd7 14. a4 c6 15. Nc3 Qa8 16. Be2 c5 17. Nb5 cxd4 18. exd4
Nd5 19. g3 {1/2-1/2 Yermolinsky,A-Piket,J/Wijk aan Zee 1999/CBM 69_07 (19)})
9... exd5 10. b4 {Both holding up ...c5 and with space-gaining aspirations of
playing b5 in due course.} Nbd7 (10... a6 {In general, I am a little baffled
by these lines in which white plays simply Bb2. The plan of a4+b5+Ba3 is much
more readily comprehensible, and applicable after both of black's 10th moves.
A couple of critical examples:} 11. Qb3 Nbd7 (11... Qe7 12. b5 axb5 13. Nxb5
Nbd7 14. Bb2 c5 15. dxc5 (15. Nxd6 Qxd6 16. Bf5 c4 17. Qc2 Rfe8 18. Ne5 Bc8 $1
{1/2-1/2 Lutz,C-Hracek,Z/Nussloch 1996/Inf 66 (56) is also OK for black. The
c-pawn can mean counterplay if black secures the centre.}) 15... bxc5 16. Nxd6
Qxd6 17. Qc3 Ba6 $1 {[%csl Ga6,Yd3] Initiating a key exchange, after which
black is pretty healthy on the light squares.} 18. Rfd1 Bxd3 19. Rxd3 Rfb8 $1 {
1/2-1/2 Yusupov,A-Dautov,R/Nussloch 1996 (33) and again with precise play
black has held the balance.}) 12. a4 Qe7 13. Ba3 Rfd8 14. b5 $5 Bxa3 (14... a5
$2) 15. bxa6 $1 {An important zwischenzug} Bxa6 16. Bxa6 Rxa6 17. Rxa3 c6 18.
Ra2 Rda8 19. Rc1 h6 20. Rac2 Qd6 21. Nd2 Qe6 22. h3 Qf5 23. Nf1 c5 {Black has
to transform his untenable c6 weakness, into a merely inconvenient one on d5.
Both count for more than white's a4 pawn.} 24. Ng3 Qg5 25. Rd2 cxd4 26. Rxd4
$16 {[%csl Rb6,Rd5] 1-0 Jussupow,A-Benjamin,J/Amsterdam 1994/CBM 43 (42)}) 11.
Bb2 (11. Qb3 c6 (11... a6 {see 10...a6}) 12. Re1 Re8 13. Bb2 {Here is a case
where black's passive set-up clearly justifies the idea of Bb2 + play in the
centre.} Rb8 14. Qc2 Rc8 15. Rad1 a6 16. Bf5 Rc7 17. Na4 h6 18. Ne5 b5 19. Nxd7
Nxd7 20. Nc5 Nxc5 21. dxc5 Be5 22. Bxe5 Rxe5 23. e4 $16 {[%csl Rb7,Yd1,Ye1]
1-0 Timman,J-Van der Vliet,F/Hilversum 1983/MCD (40)}) 11... Re8 12. Qc2 a6 ({
The other way to meet white's threat of Nb5 is the simple retreat} 12... Bf8 $5
{when Ivanchuk gives} 13. Ne5 (13. Ne2 $5 Ne4 14. Rac1 Rc8 15. Ng3 {Wells})
13... Nxe5 14. dxe5 Rxe5 15. Nb5 Rh5 16. Be2 Rh6 {when} 17. Qxc7 Qxc7 18. Nxc7
Bd6 $1 19. Nxa8 Bxh2+ 20. Kh1 Bb8+ 21. Kg1 Bh2+ $11 {is just a draw.}) 13. b5
Qe7 (13... a5 14. a4 Ne4 15. Ba3 Rc8 16. Rfc1 Ndf6 17. Qb2 (17. Bxd6 $5 $14)
17... Ng4 18. Nd1 {1-0 Ivanchuk,V-Piket,J/Monaco (rapid) 75/488 1999/Inf 75 
(60)} Ng5 $1 $132) 14. a4 axb5 15. axb5 $6 (15. Nxb5 $14 {gives white hope of
some play on the c-file, and the bishop pair. The strange capture with the
pawn does enable white's b-pawn to hold up his opponents b and c duo, but on
the e-file, and using the e4 square, it is clearly black who enjoys the
initiative on the other side of the board.}) 15... Ne4 16. Rfd1 h6 17. Bf1 Ng5
18. Nxg5 Qxg5 19. g3 h5 20. Bg2 h4 21. Rxa8 Rxa8 22. e4 Qg6 23. Bh3 $6 (23. Rc1
$1 $13 {looks a good deal more circumspect. White underestimates the weakness
of his king-side when this bishop goes walkabout.}) 23... hxg3 24. hxg3 Nf6 25.
Bf5 Qh5 26. e5 {Looks like a blunder, but in fact probably the best move.
White wins some time to keep the b7-h1 diagonal closed, and try to embarrass
black's queen on the h-file.} Bxe5 27. Kg2 (27. dxe5 $4 d4 28. Ne4 Nxe4 29.
Bxe4 Bxe4 {[%csl Rd1]}) 27... Ne4 $1 (27... Bd6 28. Rh1 Qg5 29. Bc1 $18 {
[%csl Rg5]}) 28. Bd7 (28. Bxe4 dxe4 29. dxe5 e3+ 30. Ne4 exf2 $19 {[%csl Re4]
[%cal Gb7g2]}) 28... Bd6 29. Rh1 Qg6 30. Rh4 Nxc3 31. Qxc3 Rd8 32. Qe1 Qf6 $1
33. Qh1 g6 34. Qh3 Bf8 35. Bc1 Bg7 36. Bf4 $6 Qe7 37. Rh7 (37. Bg4 g5) 37...
Rxd7 38. Rxg7+ Kxg7 39. Qh6+ Kg8 40. Be5 f6 41. Qxg6+ Kf8 42. Bxf6 (42. Bxf6
Qe4+ $19) 0-1

[Event "St Petersburg-ch"]
[Site "St Petersburg"]
[Date "2001.04.21"]
[Round "11"]
[White "Lugovoi, Aleksei"]
[Black "Loginov, Valery A"]
[Result "1-0"]
[WhiteElo "2512"]
[BlackElo "2499"]
[Annotator "Wells,P"]
[PlyCount "109"]
[EventDate "2001.04.10"]
[EventType "tourn"]
[EventRounds "11"]
[EventCountry "RUS"]
[EventCategory "9"]
[SourceTitle "CBM 083"]
[Source "ChessBase"]
[SourceDate "2001.07.05"]
[SourceVersion "1"]
[SourceVersionDate "2001.07.05"]
[SourceQuality "1"]

1. d4 Nf6 2. c4 e6 3. Nc3 Bb4 4. e3 O-O 5. Bd3 d5 6. Nf3 b6 7. O-O Bb7 8. cxd5
exd5 9. a3 Bd6 10. b4 a6 ({Other ideas:} 10... Re8 $5 11. Qb3 Nbd7 12. a4 (12.
b5 Ne4 $1 $13) 12... c6 $5 {Directed against white's intention to fix the
queenside with b5. In general when black plays ...c6 white looks to break with
e4. For this plan the best position of the white pieces could very plausibly
be Qc2 and Bb2. Hence Hertneck's idea to play Re8 first (useful of course in
the fight against e4 ) and to play ...c6 only when a4 has appeared on the
board is very interesting. I was impressed, and set about trying to force e4
by tactical means.} 13. a5 $6 (13. Ba3 Rb8 14. Rfe1 {was Ree - Ligterink ( see
below ) and may be more circumspect.}) 13... b5 (13... Rb8 $5 $13) 14. e4 $5 (
14. a6 $5 {could be worth flicking in, but I felt that it might have more
chances to re-enter the game from c8.}) 14... Bxb4 $5 {Crazy scenes!} (14...
Nxe4 15. Nxe4 dxe4 16. Ng5 Qe7 $1 ({During the game I thought} 16... exd3 17.
Nxf7 Bxh2+ 18. Kxh2 Qc7+ {was possible, but white wins of course with} 19. Nd6+
Kh8 20. Bf4) 17. Nxe4 (17. a6 exd3 $1 18. axb7 Rab8 19. Qxd3 Nf6 $132) 17...
Bxb4 18. Ng5 Nf6 19. Nxf7 Qxf7 20. Qxb4 $13) 15. Nxd5 $5 (15. a6 Bxc3 16. axb7
Bxa1 17. bxa8=Q Qxa8 18. exd5 c5 $1 $13) 15... cxd5 16. e5 Bxa5 17. Bxb5 Ne4
18. Bxd7 Qxd7 19. Rxa5 {Calm after the storm. Black can put his bishop on b5
and has no worries.} Reb8 20. Qa3 Bc6 21. Ng5 Bb5 22. Re1 Nxg5 23. Bxg5 a6 24.
Qg3 $11 {1/2-1/2 Wells,P-Hertneck,G/Graz 2001 (58)}) (10... Nbd7 11. Bb2 (11.
Qb3 Re8 (11... a6 $5) 12. a4 c6 13. Ba3 Rb8 14. Rfe1 c5 15. bxc5 bxc5 16. Qc2
Bf8 17. dxc5 Bxc5 18. Nb5 $16 {Ree,H-Ligterink,G/Nederland (ch) 1983/Inf 35})
11... Re8 12. Qc2 a6 (12... Bf8 $5 13. Ne5 {( Ivanchuk )} (13. Ne2 $5 Ne4 14.
Rac1 Rc8 15. Ng3 {Wells}) 13... Nxe5 14. dxe5 Rxe5 15. Nb5 Rh5 16. Be2 Rh6 {
when} 17. Qxc7 Qxc7 18. Nxc7 Bd6 $1 19. Nxa8 Bxh2+ 20. Kh1 Bb8+ 21. Kg1 Bh2+
$11 {is just a draw.}) 13. b5 a5 {This relates to the discussion in my lengthy
note to white's 11th - ...a5 would appear to gain in force here since for
white to proceed with the a4 and Ba3 plan would involve loss of tempo. Still,
Ivanchuk is confident that white should still have an edge here.} (13... Qe7
14. a4 axb5 15. Nxb5 $14) 14. a4 Ne4 (14... Qe7 $5 {I would have thought it
might be worth in effect gaining another part of a tempo by forcing Qb3 if
white wishes to implement the Ba3xd6 exchange ( after all the square it ends
up on in the game b2 looks optimal, and it may well end up there anyway ).
Does the rejection of this imply that the players feel the black queen is
misplaced here? If so I don't quite get it!}) 15. Ba3 Rc8 16. Rfc1 Ndf6 17. Qb2
$6 (17. Bxd6 cxd6 18. Qb2 Ng4 19. Nd1 Qe7 {Black looks very active, but in the
absence of a concrete breakthrough his pieces can get thrown back and the
structural features again dominate.} 20. h3 Ngf6 21. Nc3 $14 {Ivanchuk}) 17...
Ng4 18. Nd1 {Ivanchuk,V-Piket,J/Monaco (rapid) 75/488 1999/Inf 75 (60)}) 11.
Qc2 {[%mdl 8] Interestingly, as far as I can see, this natural move is
actually a novelty, although the idea is not surprising. We see the point of
white's scheme best in the game continuation around move 16 when he is able to
put his bishop on the most active a3 square straight from home. Basically
white has two principal plans here: 1) To put the queen on b3, play a4 and b5
and generally use the a3-f8 diagonal for his queen's bishop. Black in reply
also has two basic approaches when the move b4-b5 appears  a) to capture on b5,
to some extent opening the queenside, and often after the reply Nxb5 also
ceding the bishop pair, but gaining compensation in the centre, usually in
conjunction with playing ...c5. Resulting hanging pawn positions can be very
tense. b) to reply with ...a6-a5 closing the queenside. This is the part which
creates some tricky questions, with different commentators stating either
explicitly or implicitly quite contrasting views. Some early games with this
structure ( a4,b5,d4 v a5,b6,c7,d5 ) seem to suggest that it is simply bad for
black, and indeed once the bishop on d6 is exchanged the c7 pawn can be very
weak. However, black also has the interesting idea to permit this exchange
only in the context of replying with ...cxd6. Perhaps with the queenside
blocked, black can then find counterplay on the c and e-files? 2) White has
recently shown a tendency to look at simple development of the bishop to b2
and the queen to c2. What then? Well, white can look at ideas of playing a
little in the centre with Ne2-g3 and Ne5, but more often the queenside is
still the focus. White can of course throw in b5 at any stage without the
preparatory a4/Qb3. If then ...axb5 Nxb5 the bishop may be well placed on b2.
And if ...a5? Well, practice suggests that white still does not believe in
alternative plans to good old a4 and Ba3 anyway. This may involve the loss of
one, sometimes two tempi but commentators do not seem unduly concerned ( see
Ivanchuk - Piket from the notes to black's 10th above ). Is this a structure
where planning is all and tempi of little relevance? A look at some of these
ideas in practice:} (11. Qb3 Nbd7 (11... Qe7 12. b5 axb5 (12... a5 {Here is
the pure case of the ...a5 defence. Korchnoi makes it all look so reasonable,
but I suspect that black's structure requires defence of the very highest level
} 13. a4 Nbd7 14. Ba3 Rac8 15. Rfc1 Rfe8 16. Bf5 g6 17. Bh3 Rcd8 18. Bxd6 cxd6
$14 {[%cal Gd6e5,Gd8c8,Yh3c8] The characteristic structure. Black's doubled
c-pawns control a lot of squares. Note too that Jussupow's placement of his
bishop makes a good deal of sense with the coming battle for the c-file.} 19.
Ne2 Nf8 20. Rc2 Ne6 21. Rac1 Rc8 22. g3 Rxc2 23. Rxc2 Rc8 24. Bg2 Rxc2 25. Qxc2
Ne4 26. Nd2 Nf6 27. Nb1 Ne4 28. Nbc3 N6g5 29. f3 Nf6 30. Qd2 Ne6 {1/2-1/2
Jussupow,A-Kortschnoj,V/Garmisch 1994/CBM 43 ext (46)}) 13. Nxb5 Nbd7 14. Bb2
c5 15. dxc5 (15. Nxd6 Qxd6 16. Bf5 c4 17. Qc2 Rfe8 18. Ne5 Bc8 $1 {1/2-1/2
Lutz,C-Hracek,Z/Nussloch 1996/Inf 66 (56) is also OK for black. The c-pawn can
mean counterplay if black secures the centre.}) 15... bxc5 16. Nxd6 Qxd6 17.
Qc3 Ba6 $1 {[%csl Ga6,Yd3] Initiating a key exchange, after which black is
pretty healthy on the light squares.} 18. Rfd1 Bxd3 19. Rxd3 Rfb8 $1 {1/2-1/2
Yusupov,A-Dautov,R/Nussloch 1996 (33) and again with precise play black has
held the balance.}) 12. a4 Qe7 13. Ba3 Rfd8 14. b5 $5 Bxa3 15. bxa6 $1 {
An important zwischenzug} (15. Qxa3 $6 Qxa3 16. Rxa3 axb5 17. Nxb5 c6 18. Nc3
Ba6 19. Bxa6 Rxa6 20. Rb3 Ne4 {1/2-1/2 De Toledo,J-Lima,D/Sao Paulo 1993/CBM
36 (20)}) 15... Bxa6 16. Bxa6 Rxa6 17. Rxa3 c6 18. Ra2 Rda8 19. Rc1 h6 20. Rac2
Qd6 21. Nd2 Qe6 22. h3 Qf5 23. Nf1 c5 {However he plays black will suffer from
a weakness - his choice, c6 or d5.} 24. Ng3 Qg5 25. Rd2 cxd4 26. Rxd4 $16 {
[%csl Rb6,Rd5] Note that here the a4 pawn too has ceased to be any kind of
real liability 1-0 Jussupow,A-Benjamin,J/Amsterdam 1994/CBM 43 (42)}) 11...
Nbd7 12. b5 $5 {So white's point - he wants the virtues of the Qc2 lines,
without the loss of tempo involved in Bc1-b2-a3.} Qe7 (12... a5 {is playable,
but as we have seen, results in a structure requiring deft handling. For tempi
this is a middle case - he will put the bishop straight on a3, but after ...
Qe7 the queen must move again to support it.}) 13. a4 axb5 14. Nxb5 Rfc8 ({
Alternatively} 14... c5 15. Nxd6 Qxd6 16. dxc5 bxc5 17. Bb2 $5 {Black is not
in great trouble here, but white benefits from having his queen on c3 rather
than b3 ( for a start ...c4 is not a tactical threat ).}) 15. Nxd6 Qxd6 16. Ba3
Qc6 $5 {An interesting if surprising idea. Black finds a new angle to
'exploit' the position of white's queen and force an ending. Whether this
exchange is unambiguously in the defender's favour is another question.} (16...
c5 17. Bf5 $5 $14 {[%cal Yf5c8]}) 17. Bb4 Qxc2 18. Bxc2 c5 19. dxc5 bxc5 20.
Bd2 Ne4 {An interesting position - fairly healthy hanging pawns face the
bishop pair.} (20... d4 $5 21. exd4 $1 (21. Nh4 Be4 $132) 21... Bxf3 22. gxf3
cxd4 23. Rfc1 {with an immensely complex position, but one in which I am
fairly confident that the bishop pair + outside passed pawn should guarantee
that white is not worse.}) 21. Rfb1 Ba6 22. Be1 h6 23. Rd1 Ndf6 24. Ne5 $1 {
[%cal Yf2f3] An important move in improving his minor pieces.} Be2 25. Rdc1 d4
26. f3 Nd6 27. exd4 cxd4 28. Bb4 Nfe8 (28... Nc4 29. Bf5 Rcb8 30. Nc6 $1 $16)
29. Kf2 Ba6 30. Bd1 Nc4 31. Nxc4 Bxc4 32. Bd2 Nf6 33. a5 Ba6 34. Rxc8+ Rxc8 35.
Ra4 $16 d3 36. Rd4 Rc6 37. Bb3 g5 38. h4 $1 gxh4 39. Rxh4 h5 40. Rb4 Kg7 41.
Rb6 Rxb6 42. axb6 Kg6 43. Bc3 Nd7 44. Bd4 h4 45. Ke3 Bb7 46. Ba4 Nf8 47. Bc3
Ne6 48. Bb5 Kg5 49. Bxd3 f5 50. Bc4 Nf8 51. Bb4 Ng6 52. Bd6 Kf6 53. Kd4 h3 54.
gxh3 Nh4 55. Bd5 {A good technical display from Lugovoi.} 1-0